| 000 | 00830nam a2200253 a 4500 | ||
|---|---|---|---|
| 001 | BRL_907 | ||
| 005 | 20190320210940.0 | ||
| 008 | 231013s1960----mx-a######---#000-0#spa-# | ||
| 041 | _aspa | ||
| 044 | _amx | ||
| 050 | 4 |
_aNA5257.P8 _b.M39 1960 |
|
| 100 | 1 |
_aMaza, Francisco de la _d1913-1972 _9278 |
|
| 245 | 1 | 0 |
_aLa Capilla de San José Chiapa _cpor Francisco de la Maza. |
| 260 |
_aMéxico _bInstituto Nacional de antorpología e Historia _c1960 |
||
| 300 |
_a63 p. _bil. _c23 cm. |
||
| 440 | 0 |
_aDirección de Monumentos Coloniales _pPublicaciones _v10 _925286 |
|
| 500 | _aAu1035 | ||
| 600 | 1 | 4 |
_aPalafox y Mendoza, Juan de _d1600-1659 _9449 |
| 650 | 1 | 4 |
_aArquitectura religiosa _zSan José Chiapa, Puebla _925287 |
| 651 | 4 |
_aPuebla (México) _zIglesias _925288 |
|
| 740 | 0 | _aSan José Chiapa | |
| 902 | _aGRL | ||
| 942 |
_2lcc _cB |
||
| 999 |
_c9719 _d9719 |
||